Strength of materials (Record no. 3500)

MARC details
000 -LEADER
fixed length control field 00727nac a22001931u 4500
010 ## - LIBRARY OF CONGRESS CONTROL NUMBER
LC control number 73158222
082 00 - DEWEY DECIMAL CLASSIFICATION NUMBER
Classification number 620.112
Item number K573
090 ## - LOCALLY ASSIGNED LC-TYPE CALL NUMBER (OCLC); LOCAL CALL NUMBER (OCLC)
-- 3500
-- 3500
100 ## - MAIN ENTRY--PERSONAL NAME
Personal name Kinasoshvili, R. S.
245 10 - TITLE STATEMENT
Title Strength of materials
Statement of responsibility, etc [by] R. Kinasoshvili, translated from the Russian by M. Konyaeva.
260 ## - PUBLICATION, DISTRIBUTION, ETC. (IMPRINT)
Place of publication, distribution, etc Moscow,
Name of publisher, distributor, etc Mir Publishers,
Date of publication, distribution, etc 1972.
300 ## - PHYSICAL DESCRIPTION
Extent 360 p. with illus.
Dimensions 22 cm.
500 ## - GENERAL NOTE
General note Translation of Soprotivlenie materialov.
500 ## - GENERAL NOTE
General note Donations.
500 ## - GENERAL NOTE
General note Donations - Bibliotheca Alexandrina.
650 #0 - SUBJECT ADDED ENTRY--TOPICAL TERM
Topical term or geographic name as entry element Strength of materials.
942 ## - ADDED ENTRY ELEMENTS (KOHA)
Item type Book - Borrowing
Call number prefix 620.112K573
Holdings
Withdrawn status Item status Source of classification or shelving scheme Damaged status Not for loan Home library Current library Shelving location Date acquired Source of acquisition Total Checkouts Full call number Barcode Date last seen Koha item type
    Dewey Decimal Classification     Central Library Central Library First floor 22/04/2007 Purchase   620.112 KIN 000030335 15/07/2025 Book - Borrowing